000 00391nam a22001457a 4500
040 _aNUST
082 _a510
_bARF
100 _aArfken
_939733
110 _aWeber
_9124578
245 _aMathematical Methods for Physicists
250 _aSixth Edition
260 _aRawalpindi:
_bNational Book Foundation;
_c2007.
610 _aMathematical Methods for Physicists
_9124579
942 _2ddc
_cBK
999 _c610400
_d610400